Tramwajowe węzły przesiadkowe w Poznaniu - Statystyki

Ogólne statystyki
  • Ten quiz został rozwiązany 35 razy
  • Średni wynik to 10 z 14
Statystyki odpowiedzi
Węzeł % Poprawnych
Rondo Śródka
97%
Rondo Rataje
94%
Głogowska/Hetmańska
90%
Most Teatralny
90%
Rondo Kaponiera
87%
Rondo Starołęka
87%
Rondo Żegrze
71%
Kórnicka
68%
Poznań Główny
68%
Rondo Nowaka-Jeziorańskiego
65%
Traugutta
65%
Rynek Jeżycki
55%
Aleje Marcinkowskiego
52%
AWF
52%
Nie znaleziono quizów pasujących do podanych kryteriów
Rozkład punktacji
Procent ludzi z każdym wynikiem
Percentyl według liczby udzielonych odpowiedzi
Twoja historia wyników
Nie rozwiązałeś tego quizu